Anatomia de un Plan de Negocio Una Guia Gradual para Comenzar Inteligentemente, Levantar el Negocio y Asegurar el Futuro de su Compania /

Bibliographic Details
Main Author: Pinson, Linda.
Corporate Author: ProQuest (Firm)
Other Authors: Quezada, Roberto., Quiroz, Vicky.
Format: Electronic eBook
Language:Spanish
English
Published: Tustin, Calif. : Out Of Your Mind ... And Into The Marketplace, 2011.
Edition:2011 ed.
Subjects:
Online Access:Click to View
LEADER 01709nam a2200409 a 4500
001 EBC828142
003 MiAaPQ
005 20200520144314.0
006 m o d |
007 cr cn|||||||||
008 111220s2011 cauak s 001 0 spa d
020 |z 0944205496 
020 |z 9780944205488 
020 |a 9780944205495 (electronic bk.) 
035 |a (MiAaPQ)EBC828142 
035 |a (Au-PeEL)EBL828142 
035 |a (CaPaEBR)ebr10518797 
035 |a (OCoLC)769343257 
040 |a MiAaPQ  |c MiAaPQ  |d MiAaPQ 
041 1 |a spa  |h eng 
050 4 |a HD30.28  |b .P56 2011 
100 1 |a Pinson, Linda. 
245 1 0 |a Anatomia de un Plan de Negocio  |h [electronic resource] :  |b Una Guia Gradual para Comenzar Inteligentemente, Levantar el Negocio y Asegurar el Futuro de su Compania /  |c Linda Pinson ; traductor, Roberto Quezada y Vicky Quiroz. 
250 |a 2011 ed. 
260 |a Tustin, Calif. :  |b Out Of Your Mind ... And Into The Marketplace,  |c 2011. 
300 |a x, 269 p. :  |b ill. (some col.), forms. 
500 |a "Quarto Edicion."--Cover. 
500 |a Spanish translation of Anatomy of a Business Plan: A Step-by-Step Guide to Starting Smart, Building the Business, and Securing Your Company's Future. 
500 |a Includes index. 
533 |a Electronic reproduction. Ann Arbor, MI : ProQuest, 2015. Available via World Wide Web. Access may be limited to ProQuest affiliated libraries. 
650 0 |a Business planning. 
650 0 |a New business enterprises  |x Planning. 
655 4 |a Electronic books. 
700 1 |a Quezada, Roberto. 
700 1 |a Quiroz, Vicky. 
710 2 |a ProQuest (Firm) 
856 4 0 |u https://ebookcentral.proquest.com/lib/matrademy/detail.action?docID=828142  |z Click to View